| 000 | 00713nam a22002057a 4500 | ||
|---|---|---|---|
| 005 | 20241202121118.0 | ||
| 010 | _aENG-142746 | ||
| 020 |
_a9788193339596 _c200.00 |
||
| 035 | _aEN-126278 | ||
| 037 | _bDBAD | ||
| 082 |
_a614.1 _21 |
||
| 100 |
_aChakraborty, Abhishek _974460 |
||
| 245 |
_aQuest: _bA Key to UG Forensic Medicine & Toxiocology/ _cby Abhishek Chakraborty [and] Swarup Mondal |
||
| 250 | _a1 | ||
| 260 |
_aNew Delhi _bGlobal Academic Publishers & Distributors _c2017 |
||
| 270 |
_aF-8, 1st Floor, 'Hari Sadan' 20, Ansari Road, Daryaganj, _bNew Delhi _e110002 |
||
| 300 |
_a135p. _bIndex _c24cm(pb) |
||
| 700 |
_aMondal, Swarup _eAuthor _974461 |
||
| 942 |
_2ddc _cEN _mCHA _h614.1 |
||
| 999 |
_c207279 _d207279 |
||